Fr. Conceicao Rodrigues College of Engineering

Production Management (Record no. 21484)

MARC details
000 -LEADER
fixed length control field 00316nam a2200133Ia 4500
100 ## - MAIN ENTRY--PERSONAL NAME
Personal name Hajrachoudhary/S.K.
245 ## - TITLE STATEMENT
Title Production Management
260 ## - PUBLICATION, DISTRIBUTION, ETC.
Name of publisher, distributor, etc. Media promoters & pub.
Place of publication, distribution, etc. Mumbai
300 ## - PHYSICAL DESCRIPTION
Extent 525
546 ## - LANGUAGE NOTE
Language note ENGLISH
650 ## - SUBJECT ADDED ENTRY--TOPICAL TERM
Topical term or geographic name entry element Production Management
654 ## - SUBJECT ADDED ENTRY--FACETED TOPICAL TERMS
Focus term Management-Production
942 ## - ADDED ENTRY ELEMENTS (KOHA)
Koha item type BOOK
Holdings
Withdrawn status Lost status Damaged status Not for loan Collection Home library Current library Date acquired Total Checkouts Full call number Barcode Date last seen Price effective from Koha item type
        AFT Fr. Agnel's C.Rodrigues College of Engineering Fr. Agnel's C.Rodrigues College of Engineering 17/03/2023   AFT7907 17/03/2023   BOOK